Training of civil servants in India (Record no. 499987)

000 -LEADER
fixed length control field 00345cam a22001097a 4500
008 - FIXED-LENGTH DATA ELEMENTS--GENERAL INFORMATION
fixed length control field 180718b1981 xxu||||| |||| 00| 0 eng d
082 ## - DEWEY DECIMAL CLASSIFICATION NUMBER
Classification number K5x54 In2c
100 ## - MAIN ENTRY--PERSONAL NAME
Personal name Mathur, Hari Mohan
245 ## - TITLE STATEMENT
Title Training of civil servants in India
Statement of responsibility, etc. by Hari Mohan Mathur
260 ## - PUBLICATION, DISTRIBUTION, ETC.
Place of publication, distribution, etc. Delhi
Name of publisher, distributor, etc. Department of Peronnel and Adminitrative Reforms
Date of publication, distribution, etc. 1981
300 ## - PHYSICAL DESCRIPTION
Extent 96+p.
Holdings
Withdrawn status Lost status Damaged status Not for loan Permanent Location Current Location Date acquired Full call number Barcode Date last seen Price effective from Koha item type
        Indian Institute of Public Administration Indian Institute of Public Administration 2018-08-04 K5x54 In2c GG18841 2018-08-04 2018-08-04 GG

Powered by Koha